Social movements in India: Stuidies in peasant, backward classes, sectariam, tribal and women's movements (Record no. 394693)

MARC details
000 -LEADER
fixed length control field 00600 a2200205 4500
005 - DATE & TIME
control field 20260501121400.0
008 - FIXED-LENGTH DATA ELEMENTS--GENERAL INFORMATION
fixed length control field 260430b |||||||| |||| 00| 0 eng d
020 ## - ISBN
International Standard Book Number 9788173043352
Price Rs. 475.00
040 ## - CATALOGING SOURCE
Original cataloging agency VIVEKANANDA LIBRARY
082 ## - DDC NUMBER
Classification number 301.2420954
Book Number R18S
100 ## - MAIN ENTRY--PERSONAL NAME
Personal name Rao, M S A, ed.
245 ## - TITLE STATEMENT
Title Social movements in India: Stuidies in peasant, backward classes, sectariam, tribal and women's movements
260 ## - PUBLICATION, DISTRIBUTION, ETC. (IMPRINT)
Name of publisher, distributor, etc Manohar Publishers
Date of publication, distribution, etc 2025
Place of publication, distribution, etc New Delhi
300 ## - PHYSICAL DESCRIPTION
Pages xxx, 435
650 ## - Subject
Subject Sociology
650 ## - Subject
Subject Social Processes
650 ## - Subject
Subject Social Movements
650 ## - Subject
Subject India
942 ## - ADDED ENTRY ELEMENTS (KOHA)
Koha item type Books
Holdings
Withdrawn status Lost status Source of classification or shelving scheme Damaged status Not for loan Location (home branch) Sublocation or collection (holding branch) Shelving location Date acquired Koha issues (times borrowed) Koha full call number Accession No. Koha date last seen Koha item type
    Dewey Decimal Classification     VIVEKANANDA LIBRARY VIVEKANANDA LIBRARY Vivekananda Library 22/01/2026   301.2420954 R18S 444566 22/01/2026 Books
© Designed and Maintained by Vivekananda Library, MDU Rohtak